Online
Catalog

Nación y ciudadanía en la constitución dominicana : (Record no. 57208)

MARC details
000 -CABECERA
campo de control de longitud fija 02654nam a22004577i 4500
003 - IDENTIFICADOR DEL NÚMERO DE CONTROL
campo de control DO-SdBNP
005 - FECHA Y HORA DE LA ÚLTIMA TRANSACCIÓN
campo de control 20251120073734.0
007 - CAMPO FIJO DE DESCRIPCIÓN FÍSICA--INFORMACIÓN GENERAL
campo de control de longitud fija ta
008 - DATOS DE LONGITUD FIJA--INFORMACIÓN GENERAL
campo de control de longitud fija 240708b2023 dr ||||| |||| 00| 0 spa d
020 ## - NÚMERO INTERNACIONAL ESTÁNDAR DEL LIBRO
Número Internacional Estándar del Libro 9789945603897
040 ## - FUENTE DE LA CATALOGACIÓN
Centro catalogador/agencia de origen DO-SdBNP
Lengua de catalogación spa
Centro/agencia transcriptor BNPHU
Normas de descripción rda
041 ## - CÓDIGO DE LENGUA
Código de lengua del texto/banda sonora o título independiente spa
082 #4 - NÚMERO DE LA CLASIFICACIÓN DECIMAL DEWEY
Número de clasificación 342.7203083
Número de documento/Ítem A657n
Número de edición 22
100 1# - ENTRADA PRINCIPAL--NOMBRE DE PERSONA
Nombre de persona Aquino, Tamara Haidée,
Término indicativo de función/relación autor
Código de función/relación aut.
9 (RLIN) 85996
245 10 - MENCIÓN DE TÍTULO
Título Nación y ciudadanía en la constitución dominicana :
Resto del título hacia un nacionalismo cívico /
Mención de responsabilidad, etc. Tamara Haidée Aquino, Roberto Medina Reyes, Pedro Montilla Castillo [y otros tres] ; presentación, Ramonina Brea.
264 #4 - PRODUCCIÓN, PUBLICACIÓN, DISTRIBUCIÓN, FABRICACIÓN Y COPYRIGHT
Producción, publicación, distribución, fabricación y copyright Santo Domingo :
Nombre del de productor, editor, distribuidor, fabricante Pontificia Universidad Católica Madre y Maestra,
-- Centro Universitario de Estudio Político y Sociales,
Fecha de producción, publicación, distribución, fabricación o copyright ©2023.
300 ## - DESCRIPCIÓN FÍSICA
Extensión 284 páginas ;
Dimensiones 24 cm.
336 ## - TIPO DE CONTENIDO
Término de tipo de contenido texto
Código de tipo de contenido txt
Fuente rdacontent
337 ## - TIPO DE MEDIO
Nombre/término del tipo de medio sin mediación
Código del tipo de medio n
Fuente rdamedia
338 ## - TIPO DE SOPORTE
Nombre/término del tipo de soporte volumen
Código del tipo de soporte nc
Fuente rdacarrier
490 0# - MENCIÓN DE SERIE
Mención de serie Ciudadanía y políticas públicas
500 ## - NOTA GENERAL
Nota general Incluye nota sobre los autores
500 ## - NOTA GENERAL
Nota general Incluye bibliografía al final de los capítulos
500 ## - NOTA GENERAL
Nota general Incluye referencias bibliográficas y notas al pie de las páginas
505 ## - NOTA DE CONTENIDO CON FORMATO
Nota de contenido con formato Presentación --
Título El ideal republicano en en el constitucionalismo dominicano /
Mención de responsabilidad Roberto Medina Reyes --
Título Patriotismo constitucional republicano /
Mención de responsabilidad Amaury A. Reyes-Torres --
Título La idea de nación y patria en el informe constituyente de 1844 /
Mención de responsabilidad Pedro Montilla Castillo --
Título Por un nacionalismo cívico y liberal del Tribunal Constitucional sentencia n. TC/0168/13 del Tribunal Constitucional /
Mención de responsabilidad Tamara Haidée Aquino --
Título Nacionalidad, ciudadanía y extranjera /
Mención de responsabilidad Tamara Haidée Aquino Veras --<br/>
Título El rol de la ciudadanía liberal /
Mención de responsabilidad Julio José Rojas Báez --
590 ## - NOTA LOCAL (RLIN)
Nota local Inventariado, 2024 /LP
650 #7 - PUNTO DE ACCESO ADICIONAL DE MATERIA--TÉRMINO DE MATERIA
Término de materia o nombre geográfico como elemento de entrada Ciudadanía
Subdivisión general Aspectos sociales
Subdivisión geográfica República Dominicana
9 (RLIN) 87232
650 #7 - PUNTO DE ACCESO ADICIONAL DE MATERIA--TÉRMINO DE MATERIA
Término de materia o nombre geográfico como elemento de entrada Derechos civiles
Subdivisión geográfica República Dominicana
Fuente del encabezamiento o término LEMB
9 (RLIN) 10342
651 ## - PUNTO DE ACCESO ADICIONAL DE MATERIA--NOMBRE GEOGRÁFICO
Nombre geográfico República Dominicana
Subdivisión general Historia constitucional
Fuente del encabezamiento o término LEMB
9 (RLIN) 6486
700 1# - PUNTO DE ACCESO ADICIONAL--NOMBRE DE PERSONA
Nombre de persona Medina Reyes, Roberto,
Término indicativo de función/relación autor
Código de función/relación aut.
9 (RLIN) 85997
700 1# - PUNTO DE ACCESO ADICIONAL--NOMBRE DE PERSONA
Nombre de persona Montilla Castillo, Pedro,
Término indicativo de función/relación autor
Código de función/relación aut.
9 (RLIN) 85998
700 1# - PUNTO DE ACCESO ADICIONAL--NOMBRE DE PERSONA
Nombre de persona Reyes-Torres, Amaury A.,
Término indicativo de función/relación autor
Código de función/relación aut.
9 (RLIN) 81048
700 1# - PUNTO DE ACCESO ADICIONAL--NOMBRE DE PERSONA
Nombre de persona Rojas, julio José,
Término indicativo de función/relación autor
Código de función/relación aut.
9 (RLIN) 85999
700 1# - PUNTO DE ACCESO ADICIONAL--NOMBRE DE PERSONA
Nombre de persona Sousa Duvergé, Luis Antonio,
Término indicativo de función/relación autor
Código de función/relación aut.
9 (RLIN) 81427
700 1# - PUNTO DE ACCESO ADICIONAL--NOMBRE DE PERSONA
Nombre de persona Calzado, Betzaida,
Término indicativo de función/relación edición
Código de función/relación aut.
9 (RLIN) 86000
700 1# - PUNTO DE ACCESO ADICIONAL--NOMBRE DE PERSONA
Nombre de persona Brea, Ramonina,
Término indicativo de función/relación presentador
9 (RLIN) 8319
Código de función/relación pr.
710 2# - PUNTO DE ACCESO ADICIONAL--NOMBRE DE ENTIDAD CORPORATIVA
Nombre de entidad corporativa o nombre de jurisdicción como elemento de entrada Pontificia Universidad Católica Madre y Maestra
9 (RLIN) 843
710 2# - PUNTO DE ACCESO ADICIONAL--NOMBRE DE ENTIDAD CORPORATIVA
Nombre de entidad corporativa o nombre de jurisdicción como elemento de entrada Centro Universitario de Estudios Políticos y Sociales (República Dominicana)
9 (RLIN) 54617
910 ## - DATOS DE OPCIÓN DEL USUARIO (OCLC)
Datos de opción del usuario Validado. Control de calidad MFF
942 ## - ELEMENTOS DE PUNTO DE ACCESO ADICIONAL (KOHA)
Fuente del sistema de clasificación o colocación Dewey Decimal Classification
Tipo de ítem Koha Libro
Holdings
Estado de retiro Estado de pérdida Fuente del sistema de clasificación o colocación Restricciones de uso No para préstamo Código de colección Localización permanente Ubicación/localización actual Ubicación en estantería Fecha de adquisición Fuente de adquisición Total de préstamos Signatura topográfica completa Código de barras Fecha visto por última vez Precio válido a partir de Tipo de ítem Koha Número de copia
    Dewey Decimal Classification Excluido de préstamo   Patrimonio Dominicano Biblioteca Nacional Pedro Henríquez Ureña Biblioteca Nacional Pedro Henríquez Ureña Depósito 15.05.2024 Depósito legal   BNPHU PD 342.7293083 A657n 2024-4270 08.07.2024 08.07.2024 Libro  
    Dewey Decimal Classification Excluido de préstamo   Patrimonio Dominicano Biblioteca Nacional Pedro Henríquez Ureña Biblioteca Nacional Pedro Henríquez Ureña Depósito 15.05.2024 Depósito legal   BNPHU PD 342.7293083 A657n 2024-4271 08.07.2024 08.07.2024 Libro e. 2
    Dewey Decimal Classification Préstamo en sala   Dominicana de Servicio Biblioteca Nacional Pedro Henríquez Ureña Biblioteca Nacional Pedro Henríquez Ureña Depósito 15.05.2024 Depósito legal   BNPHU DS 342.7293083 A657n 2024-4272 04.08.2025 08.07.2024 Libro e. 3

Powered by Koha